Greek religion and society
Saved in:
| Main Author: | |
|---|---|
| Other Authors: | |
| Format: | Book |
| Language: | English |
| Published: |
Cambridge :
Cambridge University Press,
1985
|
| Subjects: | |
| Tags: |
Add Tag
No Tags, Be the first to tag this record!
|
MARC
| LEADER | 00000cam a2200000 i 4500 | ||
|---|---|---|---|
| 001 | 1/92454 | ||
| 008 | 940120s1985 eng d | ||
| 020 | |a 0-521-28785-5 | ||
| 035 | |l 10008476 | ||
| 040 | |a GR-MY-UA |b gre |e aacr | ||
| 041 | 0 | |a eng | |
| 082 | 0 | |a 306.60938 | |
| 100 | 1 | |a Easterling, P. E. | |
| 245 | 1 | 0 | |a Greek religion and society / |c edited by P. E. Easterling and J. V. Muir ; with a foreword by Sir Moses Finley |
| 260 | |a Cambridge : |b Cambridge University Press, |c 1985 | ||
| 300 | |a xx, 244 p.; |b ill.; |c 24 cm | ||
| 504 | |a Includes bibliographical references and index | ||
| 651 | 0 | |a Greece |x Religion. | |
| 700 | 1 | |a Muir, J. V. |q (John Victor) | |
| 852 | |a INST |b LESVOS |e 19940120 |h 306.60938 GRE |p 005100007136 |q 005100007136 |t BK |y 0 | ||
| 909 | |a Λ |b 033806 | ||